Strength of materials / (Record no. 10342)
[ view plain ]
| 000 -LEADER | |
|---|---|
| fixed length control field | 00451cam a2200193ua 4500 |
| 041 ## - LANGUAGE CODE | |
| Language code of text/sound track or separate title | eng |
| 082 ## - DEWEY DECIMAL CLASSIFICATION NUMBER | |
| Classification number | 624.17 |
| Item number | JIN/ST |
| 100 ## - MAIN ENTRY--AUTHOR NAME | |
| Personal name | Jindal, U C . |
| 245 ## - TITLE STATEMENT | |
| Title | Strength of materials / |
| 250 ## - EDITION STATEMENT | |
| Edition statement | 2 / |
| 260 ## - PUBLICATION, DISTRIBUTION, ETC. (IMPRINT) | |
| Place of publication | Delhi : |
| Name of publisher | Umesh publications , |
| Year of publication | 1991. |
| 300 ## - PHYSICAL DESCRIPTION | |
| Number of Pages | 1032 ; . |
| 500 ## - GENERAL NOTE | |
| General note | *CSS |
| 942 ## - ADDED ENTRY ELEMENTS (KOHA) | |
| Koha item type | Books |
| Withdrawn status | Lost status | Damaged status | Home library | Current library | Shelving location | Date acquired | Full call number | Accession Number | Koha item type |
|---|---|---|---|---|---|---|---|---|---|
| KAUAET | KAUAET | Scheme | 11/09/2018 | 624.17 JIN/ST | 19126 | Books |
